| 000 | 00000nam 2200000zi 4500 |
| 001 | 9.945339 |
| 003 | CaOODSP |
| 005 | 20241119144905 |
| 006 | m o d f |
| 007 | cr mn||||||||| |
| 008 | 241119s1972 oncado ob f000 0 fre d |
| 040 | |aCaOODSP|bfre|erda|cCaOODSP |
| 043 | |an-cn--- |
| 086 | 1 |aCo41-1/8BIIF-PDF|zCo41-1/8BiiF |
| 245 | 00|aInterconnexion du RTT et des télécommunications CN-CP : |bsystèmes TWX et TÉLEX téléphonie et transmission des données. |
| 246 | 34|aInterconnexion du réseau téléphonique transcanadien et des télécommunications Canadien National/Canadien Pacifique |
| 264 | 1|aOttawa : |bMinistère des communications, |c1972. |
| 300 | |a1 ressource en ligne (208 pages) : |bphotographies, graphiques, illustrations. |
| 336 | |atexte|btxt|2rdacontent/fre |
| 337 | |ainformatique|bc|2rdamedia/fre |
| 338 | |aressource en ligne|bcr|2rdacarrier/fre |
| 490 | 1 |aTélécommission étude ; |v8(b)(ii) |
| 500 | |aPublié aussi en anglais sous le titre : Interconnection between TCTS and CN/CP telecommunications : TWX Telex, voice data. |
| 500 | |aÉdition numérisée de l'imprimé [par Innovation, sciences et développement économique Canada]. |
| 504 | |aComprend des références bibliographiques (pages 207-208). |
| 650 | 6|aDonnées|xTransmission. |
| 650 | 6|aTélécommunications|zCanada. |
| 650 | 6|aTéléphone|xDroit|zCanada. |
| 710 | 1 |aMinistère des communications, |eorganisme de publication. |
| 775 | 08|tInterconnection between TCTS and CN/CP telecommunications : |w(CaOODSP)9.945338 |
| 830 | #0|aTélécommission étude ;|v8(b)(ii).|w(CaOODSP)9.927948 |
| 856 | 40|qPDF|s4.38 Mo|uhttps://publications.gc.ca/collections/collection_2024/isde-ised/co41-1/Co41-1-8BII-fra.pdf |